000
00204 a2200097 4500
001
47691
100
_a
Westrup
245
_a
British music
260
_a
London
_b
British council
_c
090
_c
30697
_d
30697
942
_a
NUST-CAE
_c
M
_c
22999
999
_c
282764
_d
282764